| 000 | 01249pam a2200325 a 4500 | ||
|---|---|---|---|
| 001 | 3088872 | ||
| 003 | OSt | ||
| 005 | 20180206020052.0 | ||
| 008 | 980617s1999 nyu 001 0 eng | ||
| 010 | _a 98029887 | ||
| 020 | _a032101149X (pbk.) | ||
| 040 |
_aDLC _cDLC _dDLC |
||
| 050 | 0 | 0 |
_aPS509.N3 _bL58 1999 |
| 082 | 0 | 0 |
_a810.8/036 _221 |
| 245 | 0 | 0 |
_aLiterature and the environment : _ba reader on nature and culture / _c[compiled by] Lorraine Anderson, Scott Slovic, John P. O'Grady. |
| 260 |
_aNew York : _bLongman, _cc1999. |
||
| 300 |
_axix, 538 p. ; _c23 cm. |
||
| 440 | 4 | _aThe Longman literature and culture series | |
| 500 | _aIncludes index. | ||
| 650 | 0 |
_aNature _xEffect of human beings on _xLiterary collections. |
|
| 650 | 0 |
_aCulture _xEnvironmental aspects _xLiterary collections. |
|
| 650 | 0 |
_aHuman ecology _xLiterary collections. |
|
| 650 | 0 | _aAmerican literature. | |
| 700 | 1 |
_aAnderson, Lorraine, _d1952- |
|
| 700 | 1 |
_aSlovic, Scott, _d1960- |
|
| 700 | 1 |
_aO'Grady, John P., _d1958- |
|
| 906 |
_a7 _bcbc _corignew _d1 _eocip _f19 _gy-gencatlg |
||
| 942 |
_2lcc _cBOOKS _hPS 509 .N3L58 1998 _01 |
||
| 999 |
_c12616 _d12616 |
||